Normal view
MARC view
Entry Personal Name
001 - CONTROL NUMBER
- control field: 212015
003 - CONTROL NUMBER IDENTIFIER
- control field: MY-SjTCS
005 - DATE AND TIME OF LATEST TRANSACTION
- control field: 20200306154444.0
008 - FIXED-LENGTH DATA ELEMENTS
- fixed length control field: 200306|| aca||aabn | a|a d
040 ## - CATALOGING SOURCE
- Original cataloging agency: MY-SjTCS
- Transcribing agency: MY-SjTCS
100 ## - HEADING--PERSONAL NAME
- Personal name: Chaucer, Geoffrey,
- Dates associated with a name: 1400.
670 ## - SOURCE DATA FOUND
- Source citation: Work cat.: (MY-SjTCS)28892: Hirsh, John C. 212013, Chaucer and the Canterbury tales :, 2003